000 00833nam0a22002651 4500
001 rc\2780770
005 20250806205935.0
035 _a(NLR Aleph) 006907006
090 _a19449
_c19449
100 _a20110915d1942 u y0rusy50 ca
101 0 _arus
102 _aRU
105 _ay z |||||
200 1 _aО жизни и смерти
210 _a[Москва]
_cМол. гвардия
_d1942
215 _a15 с.
_d13 см.
225 1 _aБиблиотечка молодого партизана
700 1 _aГорбатов
_bБ. Л.
_f1908-1954
_gБорис Леонтьевич
_3RU\NLR\auth\7732361
_4005
801 0 _aRU
_bNLR
_gpsbo
801 1 _aRU
_bELAR
_2rusmarc
852 _aNLR
_j88-1/256
942 _cBOOK
945 _aРоссийская национальная библиотека
980 _aNB
980 _aBV